<?xml version="1.0" encoding="UTF-8"?>
<collection xmlns="http://www.loc.gov/MARC21/slim">
 <record>
  <leader>00464nam a22001811a 4500</leader>
  <controlfield tag="001">000039174</controlfield>
  <controlfield tag="003">15469</controlfield>
  <controlfield tag="005">20160412021928.0</controlfield>
  <controlfield tag="008">160412s2000                  000</controlfield>
  <datafield tag="082" ind1=" " ind2=" ">
   <subfield code="a">4V(TK)784-87</subfield>
  </datafield>
  <datafield tag="245" ind1=" " ind2=" ">
   <subfield code="a">300 bài tập phong cách học tiếng Việt</subfield>
   <subfield code="c">Đinh Trọng Lạc</subfield>
  </datafield>
  <datafield tag="260" ind1=" " ind2=" ">
   <subfield code="c">2000</subfield>
  </datafield>
  <datafield tag="OWN" ind1=" " ind2=" ">
   <subfield code="a">LNN</subfield>
  </datafield>
  <datafield tag="999" ind1=" " ind2=" ">
   <subfield code="a">From the UDN01</subfield>
  </datafield>
  <datafield tag="TYP" ind1=" " ind2=" ">
   <subfield code="a">Monograph</subfield>
  </datafield>
  <datafield tag="980" ind1=" " ind2=" ">
   <subfield code="a">Mạng thư viện Đại học Đà Nẵng</subfield>
  </datafield>
 </record>
</collection>
